Normal view MARC view
  • Jesucristo

Entry Nombre Personal

Number of records used in: 3

001 - NUMERO DE CONTROL

  • campo de control: 15657

003 - IDENTIFICADOR DE NUMERO DE CONTROL

  • campo de control: UPN

005 - FECHA Y HORA DE LA ÜLTIMA TRANSACCIÓN

  • campo de control: 20220926181752.0

008 - DATOS DE LONGITUD FIJA

  • campo de control de longitud fija: 220926nn acannaabn n ana d

035 ## - NUMERO DE CONTROL

  • Número de control: UPN10000015665

040 ## - FUENTE DE CATALOGACIÓN

  • Lenguaje de catalogación: SPA
  • Agencia de transcripción: UPN
  • Agencia original de catalogación: UPN

100 0# - ENCABEZAMIENTO - NOMBRE PERSONAL

  • Nombre personal: Jesucristo

670 ## - FUENTE EN LA QUE SE LOCALIZARON DATOS

  • Cita de la fuente: E

902 ## - CATALOGADOR

  • Catalogador: MCM/150610